[Event "13. Hogeschool Zeeland Tournament"]
[Site "Vlissingen NED"]
[Date "2009.08.03"]
[Round "4.6"]
[White "Adhiban, Baskaran"]
[Black "Provoost, Simon"]
[Result "1/2-1/2"]
[WhiteElo "2481"]
[BlackElo "2265"]
[PlyCount "59"]
[EventDate "2009.08.01"]
[EventType "swiss"]
[EventRounds "9"]
[EventCountry "NED"]
[Source "lmi"]
[SourceDate "2009.08.01"]

1. e4 c6 2. d4 d5 3. e5 c5 4. c4 Nc6 5. Nf3 cxd4 6. Nxd4 e6 7. Nc3 Bb4 8. Nxc6
bxc6 9. Bd3 Qc7 10. O-O Bd7 11. Qg4 Qxe5 12. Bf4 h5 13. Qf3 Qf6 14. cxd5 cxd5
15. Qe3 Qe7 16. Qg3 Kf8 17. h4 Qd8 18. Bc7 Qe8 19. Rae1 Nf6 20. Re5 Qc8 21. Rg5
Ne8 22. Be5 f6 23. Qf4 Be7 24. Qf3 Kg8 25. Rxh5 Rxh5 26. Qxh5 fxe5 27. Qh7+ Kf8
28. Qh8+ Kf7 29. Qh5+ Kg8 30. Qh7+ 1/2-1/2

[Event "13. Hogeschool Zeeland Tournament"]
[Site "Vlissingen NED"]
[Date "2009.08.03"]
[Round "4.7"]
[White "Shyam, Sundar M"]
[Black "Zaragatski, Ilja"]
[Result "0-1"]
[WhiteElo "2415"]
[BlackElo "2472"]
[PlyCount "68"]
[EventDate "2009.08.01"]
[EventType "swiss"]
[EventRounds "9"]
[EventCountry "NED"]
[Source "lmi"]
[SourceDate "2009.08.01"]

1. e4 e6 2. d4 d5 3. Nc3 Nc6 4. Nf3 Nf6 5. e5 Ne4 6. Ne2 Bd7 7. c3 Na5 8. Ng3
c5 9. Bd3 cxd4 10. cxd4 Bb4+ 11. Ke2 f5 12. exf6 Nxf6 13. Bg5 Qb6 14. Ne5 Nc6
15. Nxc6 bxc6 16. Bxf6 gxf6 17. a3 Bd6 18. Qd2 Kd8 19. Bc2 h5 20. Rhd1 h4 21.
Nf1 Be8 22. f3 c5 23. dxc5 Bxc5 24. b4 Bd6 25. Ne3 Rg8 26. Kf1 Rc8 27. Be4 Ke7
28. Qxd5 Bb5+ 29. Bd3 Qxe3 30. Qxb5 Rxg2 31. Qb7+ Rc7 32. Qxc7+ Bxc7 33. Kxg2
h3+ 34. Kf1 Bb6 0-1

[Event "13. Hogeschool Zeeland Tournament"]
[Site "Vlissingen NED"]
[Date "2009.08.03"]
[Round "4.8"]
[White "Khairullin, Ildar"]
[Black "Tiggelman, Rene"]
[Result "1-0"]
[WhiteElo "2602"]
[BlackElo "2250"]
[PlyCount "145"]
[EventDate "2009.08.01"]
[EventType "swiss"]
[EventRounds "9"]
[EventCountry "NED"]
[Source "lmi"]
[SourceDate "2009.08.01"]

1. e4 c5 2. Nf3 Nc6 3. Bb5 Nf6 4. Nc3 Nd4 5. e5 Nxb5 6. Nxb5 Nd5 7. Ng5 f5 8.
exf6 Nxf6 9. d4 Qa5+ 10. Nc3 e6 11. O-O cxd4 12. Qxd4 Be7 13. Nge4 O-O 14. Nd6
Bxd6 15. Qxd6 b6 16. f3 Bb7 17. Be3 Qf5 18. Rf2 Nd5 19. Bd4 Nxc3 20. Bxc3 Rf7
21. h3 Rc8 22. a3 Qc5 23. Qd2 Qd5 24. Qe3 Qc5 25. Qe2 Qc4 26. Qe1 Rc5 27. Rd1
Rd5 28. Rxd5 Qxd5 29. Rd2 Qf5 30. Qg3 Bc6 31. Qb8+ Rf8 32. Qxa7 Qc5+ 33. Rf2
Rc8 34. Qa6 Bb5 35. Qb7 Qc6 36. Qxc6 Bxc6 37. Rd2 b5 38. Rd4 Bd5 39. Rg4 g6 40.
Rb4 Bc6 41. Kf2 Rf8 42. Bd2 e5 43. c4 bxc4 44. Rxc4 Kf7 45. Bc3 Ke6 46. Rc5 e4
47. Re5+ Kf7 48. Bb4 Re8 49. Rxe8 Kxe8 50. fxe4 Bxe4 51. g3 d5 52. Ke3 Kd7 53.
Kd4 Kc6 54. Bd2 Bc2 55. Kc3 Bf5 56. h4 Kc5 57. Be3+ Kb5 58. b3 h5 59. a4+ Ka5
60. Bd4 Bg4 61. Be5 Bd1 62. Bf6 Kb6 63. Kb4 Ka6 64. Bd4 Bc2 65. Ka3 Bd1 66. b4
Be2 67. b5+ Ka5 68. Bc3+ Kb6 69. Kb4 Kb7 70. Bd4 Bd3 71. a5 Be2 72. a6+ Kb8 73.
Ka5 1-0

[Event "13. Hogeschool Zeeland Tournament"]
[Site "Vlissingen NED"]
[Date "2009.08.03"]
[Round "4.9"]
[White "Piasetski, Leon"]
[Black "Ernst, Sipke"]
[Result "0-1"]
[WhiteElo "2288"]
[BlackElo "2598"]
[PlyCount "84"]
[EventDate "2009.08.01"]
[EventType "swiss"]
[EventRounds "9"]
[EventCountry "NED"]
[Source "lmi"]
[SourceDate "2009.08.01"]

1. Nf3 d5 2. c4 c6 3. g3 Nf6 4. Bg2 dxc4 5. O-O Nbd7 6. Qc2 Nb6 7. a4 a5 8. Na3
Be6 9. Ng5 Bg4 10. f3 Bc8 11. Nxc4 h6 12. Nh3 Qd4+ 13. Ne3 e5 14. Nf2 Be6 15.
f4 exf4 16. gxf4 Be7 17. Nf5 Bxf5 18. Qxf5 O-O 19. e3 Qc5 20. Qxc5 Bxc5 21. b3
Rad8 22. d4 Bb4 23. Nd3 Rfe8 24. Nxb4 axb4 25. Bd2 Nbd5 26. Rfe1 Ne4 27. Bxe4
Rxe4 28. a5 g5 29. fxg5 hxg5 30. a6 bxa6 31. Rxa6 Rd6 32. Rc1 Nxe3 33. Bxb4
Rdxd4 34. Bc3 Rd6 35. Ra5 f5 36. Ra7 Rd1+ 37. Rxd1 Rg4+ 38. Kh1 Nxd1 39. h3 Rg3
40. Bf6 Rxh3+ 41. Kg2 g4 42. b4 Ne3+ 0-1

[Event "13. Hogeschool Zeeland Tournament"]
[Site "Vlissingen NED"]
[Date "2009.08.03"]
[Round "4.11"]
[White "Spoelman, Wouter"]
[Black "Sarrau, Jelle"]
[Result "1-0"]
[WhiteElo "2546"]
[BlackElo "2229"]
[PlyCount "77"]
[EventDate "2009.08.01"]
[EventType "swiss"]
[EventRounds "9"]
[EventCountry "NED"]
[Source "lmi"]
[SourceDate "2009.08.01"]

1. d4 Nf6 2. c4 g6 3. Nc3 Bg7 4. e4 d6 5. Nf3 O-O 6. Be2 e5 7. O-O Na6 8. Be3
Ng4 9. Bg5 Qe8 10. h3 exd4 11. Nd5 f6 12. Bf4 Ne5 13. Nxd4 c6 14. Nc3 Nc5 15.
Qd2 a5 16. Rad1 Qe7 17. Rfe1 Re8 18. Bf1 Qf7 19. b3 f5 20. exf5 Bxf5 21. Nxf5
Qxf5 22. Be3 Nf7 23. Ne2 Ne4 24. Qc1 a4 25. Nd4 Qf6 26. b4 a3 27. Rd3 Bh6 28.
Re2 Ne5 29. Rb3 Bg7 30. Rc2 Ra4 31. Rxa3 Rxb4 32. Qe1 c5 33. Nb5 Qf5 34. Nc7
Nf6 35. Nxe8 Qxc2 36. Nxd6 Rb1 37. Ra8+ Bf8 38. Bh6 Nfd7 39. Qxe5 1-0

[Event "13. Hogeschool Zeeland Tournament"]
[Site "Vlissingen NED"]
[Date "2009.08.03"]
[Round "4.12"]
[White "Marcziter, Dmitrii"]
[Black "Karthikeyan, P."]
[Result "0-1"]
[WhiteElo "2238"]
[BlackElo "2478"]
[PlyCount "100"]
[EventDate "2009.08.01"]
[EventType "swiss"]
[EventRounds "9"]
[EventCountry "NED"]
[Source "lmi"]
[SourceDate "2009.08.01"]

1. Nf3 Nf6 2. c4 e6 3. Nc3 Bb4 4. Qc2 O-O 5. a3 Bxc3 6. Qxc3 d6 7. b4 b6 8. Bb2
Nbd7 9. g3 Bb7 10. Bg2 c5 11. O-O Qc7 12. d3 Rac8 13. Rfc1 e5 14. e4 Nh5 15.
Nh4 g6 16. f4 Qd8 17. Nf3 f6 18. Qd2 Qe7 19. Rf1 Rce8 20. Rae1 a6 21. Bh3 Nb8
22. b5 Ng7 23. Nh4 Bc8 24. Bxc8 Rxc8 25. a4 a5 26. Ng2 Ne6 27. Ne3 Nd7 28. Nd5
Qg7 29. f5 Nc7 30. fxg6 hxg6 31. Ne3 Kf7 32. Rf2 Ke7 33. Ref1 Rf7 34. Bc1 Rh8
35. Qd1 Qh7 36. Bd2 Qh5 37. Qxh5 Rxh5 38. h4 Rf8 39. Ng2 Ne6 40. Ne3 Nd4 41.
Nd5+ Ke6 42. Kg2 Rhh8 43. Rh1 Kf7 44. g4 Kg7 45. Kg3 f5 46. gxf5 gxf5 47. Bg5
f4+ 48. Kg4 Kf7 49. Rfh2 Rfg8 50. Ne7 Nf6+ 0-1

[Event "13. Hogeschool Zeeland Tournament"]
[Site "Vlissingen NED"]
[Date "2009.08.03"]
[Round "4.13"]
[White "Lalith, Babu M.R"]
[Black "Van den Berg, Ad"]
[Result "1-0"]
[WhiteElo "2472"]
[BlackElo "2197"]
[PlyCount "61"]
[EventDate "2009.08.01"]
[EventType "swiss"]
[EventRounds "9"]
[EventCountry "NED"]
[Source "lmi"]
[SourceDate "2009.08.01"]

1. Nf3 g6 2. c4 Bg7 3. e4 e5 4. d4 d6 5. Nc3 exd4 6. Nxd4 Ne7 7. Be3 Nbc6 8. h4
h5 9. Be2 O-O 10. f3 f5 11. Nxc6 bxc6 12. Qd2 Be6 13. O-O-O Be5 14. Bh6 f4 15.
g3 fxg3 16. f4 Bg7 17. Bxg7 Kxg7 18. Rdg1 d5 19. f5 Bxf5 20. exf5 Nxf5 21. cxd5
cxd5 22. Bd3 Qd6 23. Ne2 Kh7 24. Rh3 Rae8 25. Kb1 Qb6 26. Rg2 Ne3 27. Rhxg3
Rf1+ 28. Nc1 Rd1 29. Rxg6 Rxd2 30. Rg7+ Kh6 31. Rh7# 1-0

[Event "13. Hogeschool Zeeland Tournament"]
[Site "Vlissingen NED"]
[Date "2009.08.03"]
[Round "4.14"]
[White "Timmermans, Ivo"]
[Black "Bosch, Jeroen"]
[Result "1-0"]
[WhiteElo "2223"]
[BlackElo "2456"]
[PlyCount "93"]
[EventDate "2009.08.01"]
[EventType "swiss"]
[EventRounds "9"]
[EventCountry "NED"]
[Source "lmi"]
[SourceDate "2009.08.01"]

1. e4 c5 2. Nf3 d6 3. d4 cxd4 4. Nxd4 Nf6 5. Nc3 e5 6. Bb5+ Bd7 7. Bxd7+ Qxd7
8. Nde2 Qc6 9. Ng3 h6 10. O-O Nbd7 11. f4 h5 12. Qf3 h4 13. Nf5 Nc5 14. fxe5
dxe5 15. Bg5 h3 16. Bxf6 gxf6 17. Nd5 hxg2 18. Kxg2 Rg8+ 19. Kh1 Rg6 20. Nh4
O-O-O 21. Nxg6 fxg6 22. Qxf6 Nxe4 23. Qxc6+ bxc6 24. Nf6 Nd2 25. Rfe1 Bh6 26.
Rxe5 Rd4 27. Rae1 Nf3 28. Re8+ Kb7 29. R1e2 Bg5 30. Ne4 Bf4 31. Ng3 g5 32. Kg2
g4 33. R8e4 Nh4+ 34. Kf2 c5 35. Rxd4 cxd4 36. Re7+ Kc6 37. Rg7 Be3+ 38. Ke2 Nf3
39. Rxg4 Nxh2 40. Rh4 Bg1 41. Nf5 Kd5 42. Nxd4 Bxd4 43. Rxh2 Bxb2 44. Kd3 Kc6
45. Kc4 a6 46. Rh6+ Kb7 47. Kd5 1-0

[Event "13. Hogeschool Zeeland Tournament"]
[Site "Vlissingen NED"]
[Date "2009.08.03"]
[Round "4.15"]
[White "De Vos, Nils"]
[Black "Roeder, Matthias"]
[Result "1/2-1/2"]
[WhiteElo "2205"]
[BlackElo "2438"]
[PlyCount "90"]
[EventDate "2009.08.01"]
[EventType "swiss"]
[EventRounds "9"]
[EventCountry "NED"]
[Source "lmi"]
[SourceDate "2009.08.01"]

1. e4 c5 2. Nc3 d6 3. g3 Nc6 4. Bg2 g6 5. d3 Bg7 6. f4 e6 7. Nf3 Nge7 8. O-O
O-O 9. Be3 b6 10. Bf2 Ba6 11. Re1 Qd7 12. Qd2 d5 13. exd5 exd5 14. d4 cxd4 15.
Nxd4 Rad8 16. Rad1 Na5 17. Qc1 Bb7 18. Nce2 Nc4 19. c3 Nd6 20. Nf3 Ne4 21. Bd4
f6 22. Nd2 Qa4 23. Qb1 Nf5 24. Nxe4 dxe4 25. Bxe4 Bxe4 26. Qxe4 Qxa2 27. Qc2
Rfe8 28. Bf2 Qc4 29. Rxd8 Rxd8 30. Rd1 Rxd1+ 31. Qxd1 Bf8 32. Nd4 Nxd4 33. Bxd4
Bc5 34. Bxc5 Qxc5+ 35. Kg2 Qc6+ 36. Kg1 Kf7 37. Qd8 h5 38. Qd3 a5 39. Qd8 Ke6
40. Qd3 Qc5+ 41. Kf1 f5 42. c4 Qd6 43. Qe3+ Kd7 44. b3 Kc6 45. Ke2 Qf6 1/2-1/2

[Event "13. Hogeschool Zeeland Tournament"]
[Site "Vlissingen NED"]
[Date "2009.08.03"]
[Round "4.16"]
[White "Van Weersel, Arlette"]
[Black "Kohlweyer, Bernd"]
[Result "0-1"]
[WhiteElo "2204"]
[BlackElo "2418"]
[PlyCount "44"]
[EventDate "2009.08.01"]
[EventType "swiss"]
[EventRounds "9"]
[EventCountry "NED"]
[Source "lmi"]
[SourceDate "2009.08.01"]

1. e4 c5 2. c4 g6 3. d4 cxd4 4. Qxd4 Nf6 5. Nc3 Nc6 6. Qd1 Bg7 7. Be3 O-O 8. f3
e6 9. Qd2 d5 10. cxd5 exd5 11. Nxd5 Nxd5 12. exd5 Re8 13. dxc6 Qb6 14. O-O-O
Qxc6+ 15. Kb1 Bf5+ 16. Ka1 Rxe3 17. g4 Be6 18. Ne2 Qa4 19. Nc1 Rc8 20. Bc4 Rxc4
21. Qd8+ Bf8 22. b3 Rxb3 0-1

[Event "13. Hogeschool Zeeland Tournament"]
[Site "Vlissingen NED"]
[Date "2009.08.03"]
[Round "4.17"]
[White "Verduyn, Frederic"]
[Black "Leenhouts, Koen"]
[Result "0-1"]
[WhiteElo "2183"]
[BlackElo "2413"]
[PlyCount "120"]
[EventDate "2009.08.01"]
[EventType "swiss"]
[EventRounds "9"]
[EventCountry "NED"]
[Source "lmi"]
[SourceDate "2009.08.01"]

1. e4 e5 2. Nf3 Nc6 3. d4 exd4 4. Bc4 Nf6 5. e5 Ne4 6. Qe2 Nc5 7. c3 dxc3 8.
Nxc3 Be7 9. O-O O-O 10. Be3 d6 11. Rad1 Nd7 12. exd6 Bxd6 13. Ne4 Nde5 14. Nxe5
Nxe5 15. Bg5 Qd7 16. Bb5 Qf5 17. f4 Nc6 18. Bd3 Qg4 19. Qf2 f6 20. Bc4+ Kh8 21.
Bh4 Bf5 22. Nxd6 cxd6 23. h3 Qg6 24. Rxd6 Rad8 25. Rfd1 Rxd6 26. Rxd6 Bxh3 27.
Qg3 Qc2 28. Rxf6 Rxf6 29. Bxf6 Qxg2+ 30. Qxg2 Bxg2 31. Bc3 Be4 32. Kf2 Ne7 33.
Ke3 Bd5 34. Bd3 Bxa2 35. f5 Nd5+ 36. Kd4 Nxc3 37. Kxc3 Bd5 38. Kd4 Bc6 39. b4
a6 40. Ke5 h5 41. Kf4 Kg8 42. Kg5 Bf3 43. Bf1 Be4 44. Bc4+ Kf8 45. Be6 Bf3 46.
Bc8 Kf7 47. Be6+ Ke7 48. Kg6 Kf8 49. Kg5 b6 50. f6 gxf6+ 51. Kxf6 a5 52. bxa5
bxa5 53. Bd7 Bd1 54. Bc6 a4 55. Kg5 a3 56. Bd5 Ke7 57. Ba2 Kd6 58. Kf4 Kc5 59.
Ke3 Kb4 60. Kd2 Bb3 0-1

[Event "13. Hogeschool Zeeland Tournament"]
[Site "Vlissingen NED"]
[Date "2009.08.03"]
[Round "4.18"]
[White "Haast, Anne"]
[Black "Van Haastert, Edwin"]
[Result "0-1"]
[WhiteElo "2158"]
[BlackElo "2411"]
[PlyCount "164"]
[EventDate "2009.08.01"]
[EventType "swiss"]
[EventRounds "9"]
[EventCountry "NED"]
[Source "lmi"]
[SourceDate "2009.08.01"]

1. e4 e6 2. d4 d5 3. Nc3 Bb4 4. e5 c5 5. a3 Bxc3+ 6. bxc3 Qa5 7. Bd2 Qa4 8. Qg4
g6 9. Bd3 c4 10. Be2 Qxc2 11. Nf3 Nc6 12. O-O f6 13. exf6 Nxf6 14. Qh4 O-O 15.
Bh6 Rf7 16. Ng5 Re7 17. Nf3 Rf7 18. Ng5 Re7 19. Nf3 Nd7 20. Bd1 Qf5 21. Ba4 Re8
22. Rae1 Qh5 23. Qxh5 gxh5 24. Bxc6 bxc6 25. Ne5 c5 26. Re3 Nxe5 27. dxe5 h4
28. Rh3 Kf7 29. Rf3+ Ke7 30. Be3 Kd7 31. Bxc5 Kc6 32. Bd6 Ba6 33. Rf7 d4 34.
Rd1 d3 35. f3 Kd5 36. Rxh7 Rh8 37. Rc7 Rhc8 38. Rf7 Rc6 39. Rb1 Rb6 40. Rxb6
axb6 41. Rf4 Rh8 42. g4 hxg3 43. hxg3 Kc6 44. g4 Kb5 45. g5 Rg8 46. Be7 Ka4 47.
Kf2 Kb3 48. Ke3 Kxc3 49. Bb4+ Kc2 50. Rg4 c3 51. Rg2+ d2 52. Bxc3 Kxc3 53. Rxd2
Rxg5 54. Rd6 Rxe5+ 55. Kf4 Rf5+ 56. Ke3 Bc4 57. Rxb6 Re5+ 58. Kf4 Ra5 59. Ke3
Rxa3 60. Ke4 Ra5 61. f4 Bd3+ 62. Ke3 Bf5 63. Rc6+ Kb4 64. Rc8 Rc5 65. Rb8+ Kc3
66. Rd8 Rc4 67. Rd6 Re4+ 68. Kf3 Rd4 69. Rc6+ Kd3 70. Ra6 Kc3 71. Rc6+ Kd2 72.
Rb6 Rd3+ 73. Kf2 Kc3 74. Ra6 Kd4 75. Ra4+ Kd5 76. Ke2 Rd4 77. Ra5+ Ke4 78. Ra3
Bg4+ 79. Kf2 Kxf4 80. Ke1 e5 81. Kf2 e4 82. Rc3 e3+ 0-1

[Event "13. Hogeschool Zeeland Tournament"]
[Site "Vlissingen NED"]
[Date "2009.08.03"]
[Round "4.19"]
[White "Van Dongen, Cor"]
[Black "Haak, Eelco"]
[Result "1-0"]
[WhiteElo "2342"]
[BlackElo "2154"]
[PlyCount "45"]
[EventDate "2009.08.01"]
[EventType "swiss"]
[EventRounds "9"]
[EventCountry "NED"]
[Source "lmi"]
[SourceDate "2009.08.01"]

1. d4 Nf6 2. c4 g6 3. Nc3 Bg7 4. e4 d6 5. Nf3 O-O 6. h3 e5 7. d5 a5 8. Bg5 h6
9. Be3 Na6 10. Nd2 Nc5 11. g4 Nh7 12. h4 f5 13. exf5 gxf5 14. g5 e4 15. Bf4 Qe8
16. Nb3 Nd3+ 17. Bxd3 exd3+ 18. Kd2 Bxc3+ 19. Kxc3 Qe4 20. Be3 b5 21. Nd2 Qe5+
22. Bd4 Qf4 23. Qh5 1-0

[Event "13. Hogeschool Zeeland Tournament"]
[Site "Vlissingen NED"]
[Date "2009.08.03"]
[Round "4.20"]
[White "Van Eijk, Sander"]
[Black "Ten Hagen, Yorick"]
[Result "1-0"]
[WhiteElo "2338"]
[BlackElo "2150"]
[PlyCount "169"]
[EventDate "2009.08.01"]
[EventType "swiss"]
[EventRounds "9"]
[EventCountry "NED"]
[Source "lmi"]
[SourceDate "2009.08.01"]

1. e4 c5 2. Nf3 e6 3. Nc3 a6 4. d4 cxd4 5. Nxd4 Qc7 6. Be2 Nc6 7. Be3 Nf6 8. a3
Be7 9. f4 d6 10. g4 h6 11. g5 hxg5 12. fxg5 Nh7 13. Qd2 Bd7 14. O-O-O Ne5 15.
h4 O-O-O 16. Nf5 Bc6 17. Nxg7 Rhg8 18. Nh5 d5 19. Qe1 dxe4 20. Qf2 Rdf8 21. Bb6
Qb8 22. Rhg1 f6 23. gxf6 Nxf6 24. Rxg8 Rxg8 25. Nxf6 Rf8 26. Rg1 e3 27. Qxe3
Bxf6 28. h5 Bh4 29. Qh3 Nd7 30. Qxe6 Qh2 31. Rg8 Qf4+ 32. Kb1 Rxg8 33. Qxg8+
Qf8 34. Qxf8+ Nxf8 35. Bd4 Ne6 36. Bg4 Bd7 37. Bxe6 Bxe6 38. Ne4 Be7 39. h6 Bf5
40. Nc3 Kd7 41. Bg7 Ke6 42. a4 Kf7 43. b3 Bf6 44. Bxf6 Kxf6 45. Nd5+ Kg5 46.
Ne7 Be4 47. Nc8 Kxh6 48. Nd6 Bh1 49. Kb2 Kg6 50. Kc3 Kf6 51. Kd4 Ke6 52. Ne4
Kd7 53. Nf2 Bg2 54. Kc5 Kc7 55. a5 Bf3 56. c3 Bg2 57. Nd3 Bh1 58. Ne5 Bg2 59.
b4 Bh1 60. Kd4 Bg2 61. Kc5 Bh1 62. Nd3 Be4 63. Nf4 Bf3 64. Nd5+ Kb8 65. Kd6 Bg2
66. Ne7 Bf3 67. Nd5 Bg2 68. Nb6 Bf3 69. Kd7 Bg2 70. Kd8 Bf3 71. Nd7+ Ka7 72.
Kc7 Bg2 73. Ne5 Ka8 74. c4 Ka7 75. c5 Bf1 76. Nf7 Be2 77. Nd8 Bf3 78. c6 bxc6
79. Nxc6+ Ka8 80. Kb6 Be2 81. Nd8 Bc4 82. Nb7 Kb8 83. Nc5 Bf1 84. Nxa6+ Kc8 85.
Nc7 1-0

[Event "13. Hogeschool Zeeland Tournament"]
[Site "Vlissingen NED"]
[Date "2009.08.03"]
[Round "4.21"]
[White "Timmermans, Mark"]
[Black "Bezemer, Arno"]
[Result "1/2-1/2"]
[WhiteElo "2125"]
[BlackElo "2332"]
[PlyCount "113"]
[EventDate "2009.08.01"]
[EventType "swiss"]
[EventRounds "9"]
[EventCountry "NED"]
[Source "lmi"]
[SourceDate "2009.08.01"]

1. e4 c5 2. Nf3 d6 3. d4 cxd4 4. Nxd4 Nf6 5. Nc3 a6 6. Be3 e5 7. Nb3 Be7 8. f3
Be6 9. Qd2 O-O 10. O-O-O a5 11. a4 Nc6 12. g4 Nb4 13. g5 Nd7 14. h4 Rc8 15. Kb1
d5 16. exd5 Bf5 17. Na1 Bd6 18. Qf2 Nc5 19. Bb5 f6 20. Qg2 Kh8 21. gxf6 gxf6
22. Rhg1 Qe7 23. Qf2 Qf7 24. Rg2 Rg8 25. Rxg8+ Qxg8 26. Ne4 Qf8 27. Bh6 Qe7 28.
Rg1 Nxe4 29. fxe4 Bxe4 30. Bg7+ Qxg7 31. Rxg7 Kxg7 32. Qb6 Nxc2 33. Nb3 Nd4+
34. Ka2 Bxd5 35. Qxd6 Bxb3+ 36. Kb1 Bc2+ 37. Ka1 Bf5 38. Bd7 Rc1+ 39. Ka2 Bb1+
40. Ka3 Nc2+ 41. Kb3 Nd4+ 42. Ka3 Bg6 43. Qe7+ Kh6 44. b3 Ra1+ 45. Kb2 Rb1+ 46.
Ka2 Nxb3 47. Be6 Nc1+ 48. Ka3 Ra1+ 49. Kb2 Rb1+ 50. Kc3 Ne2+ 51. Kd2 Rb2+ 52.
Ke1 Nf4 53. Qxf6 Nd3+ 54. Kd1 Nf2+ 55. Ke1 Nd3+ 56. Kd1 Nf2+ 57. Ke1 1/2-1/2

[Event "13. Hogeschool Zeeland Tournament"]
[Site "Vlissingen NED"]
[Date "2009.08.03"]
[Round "4.23"]
[White "Rosmuller, Anton"]
[Black "Vovk, Yuri"]
[Result "0-1"]
[WhiteElo "2112"]
[BlackElo "2567"]
[PlyCount "48"]
[EventDate "2009.08.01"]
[EventType "swiss"]
[EventRounds "9"]
[EventCountry "NED"]
[Source "lmi"]
[SourceDate "2009.08.01"]

1. d4 Nf6 2. c4 e6 3. Nc3 Bb4 4. e3 O-O 5. Bd3 c5 6. a3 Bxc3+ 7. bxc3 Nc6 8.
Ra2 d6 9. g4 e5 10. g5 Ne8 11. h4 g6 12. f4 exf4 13. e4 Ng7 14. Nh3 Bxh3 15.
Rxh3 cxd4 16. cxd4 Nxd4 17. Rf2 Nge6 18. Bb2 Nc6 19. Bf6 Qa5+ 20. Kf1 Ne5 21.
h5 Nxg5 22. Rh1 Rac8 23. Rxf4 Nxd3 24. Qxd3 Nxe4 0-1

[Event "13. Hogeschool Zeeland Tournament"]
[Site "Vlissingen NED"]
[Date "2009.08.03"]
[Round "4.24"]
[White "Ikonnikov, Vyacheslav"]
[Black "Arp, Frans"]
[Result "1-0"]
[WhiteElo "2556"]
[BlackElo "2113"]
[PlyCount "47"]
[EventDate "2009.08.01"]
[EventType "swiss"]
[EventRounds "9"]
[EventCountry "NED"]
[Source "lmi"]
[SourceDate "2009.08.01"]

1. d4 Nf6 2. Nf3 g6 3. c4 c5 4. d5 b5 5. cxb5 a6 6. b6 Qxb6 7. Nc3 d6 8. e4 Bg7
9. Nd2 O-O 10. Be2 Bd7 11. Nc4 Qc7 12. a4 a5 13. O-O Na6 14. Bg5 Nb4 15. f4 h6
16. Bh4 Rfe8 17. e5 Nh7 18. Bxe7 dxe5 19. d6 Qb8 20. Nxe5 Ra7 21. Bc4 Rxe7 22.
dxe7 Be8 23. Qd8 Ra8 24. Bxf7+ 1-0

[Event "13. Hogeschool Zeeland Tournament"]
[Site "Vlissingen NED"]
[Date "2009.08.03"]
[Round "4.25"]
[White "Michalczak, Thomas"]
[Black "Van der Borgt, Peter"]
[Result "1-0"]
[WhiteElo "2352"]
[BlackElo "2067"]
[PlyCount "71"]
[EventDate "2009.08.01"]
[EventType "swiss"]
[EventRounds "9"]
[EventCountry "NED"]
[Source "lmi"]
[SourceDate "2009.08.01"]

1. e4 e5 2. Nf3 Nc6 3. Nc3 Nf6 4. Bb5 d6 5. d4 exd4 6. Nxd4 Bd7 7. Qd3 Nxd4 8.
Qxd4 Bxb5 9. Nxb5 Qd7 10. Nc3 Qc6 11. Bg5 Be7 12. O-O-O Qb6 13. Qa4+ c6 14. f3
O-O 15. h4 h6 16. Bf4 Nh5 17. Bd2 Bf6 18. Qc4 Rfd8 19. g4 Ng3 20. Rh2 d5 21.
exd5 cxd5 22. Qb3 Bxc3 23. Bxc3 Qa6 24. Be5 Ne2+ 25. Kd2 Re8 26. Rxe2 d4 27.
Rde1 Rad8 28. Bc7 Rxe2+ 29. Rxe2 Rd7 30. Bg3 Qa5+ 31. Kd1 d3 32. cxd3 Qc5 33.
Bf2 Qc6 34. d4 a5 35. Re8+ Kh7 36. Qc2+ 1-0

[Event "13. Hogeschool Zeeland Tournament"]
[Site "Vlissingen NED"]
[Date "2009.08.03"]
[Round "4.26"]
[White "In 't Veld, Rene"]
[Black "De Jong, Migchiel"]
[Result "0-1"]
[WhiteElo "2099"]
[BlackElo "2319"]
[PlyCount "100"]
[EventDate "2009.08.01"]
[EventType "swiss"]
[EventRounds "9"]
[EventCountry "NED"]
[Source "lmi"]
[SourceDate "2009.08.01"]

1. e4 c5 2. c3 e6 3. d4 d5 4. exd5 exd5 5. Bb5+ Nc6 6. Qe2+ Be7 7. dxc5 Nf6 8.
Nf3 O-O 9. O-O Bxc5 10. Bg5 h6 11. Bh4 g5 12. Bg3 Re8 13. Qd3 Ne4 14. Nd4 Qb6
15. a4 Bxd4 16. cxd4 Bf5 17. Nc3 Nxc3 18. Qxc3 Nxd4 19. Rfd1 Rac8 20. Qxd4 Re1+
21. Rxe1 Qxd4 22. Be5 Qb4 23. h4 a6 24. Bf1 d4 25. Red1 Rd8 26. hxg5 hxg5 27.
Bf6 Rd5 28. Re1 Bc2 29. g4 Qd6 30. Re8+ Kh7 31. Bg2 Qxf6 32. Bxd5 Qf4 33. Ra3
Qxg4+ 34. Rg3 Qd7 35. Be4+ Bxe4 36. Rxe4 f5 37. Re2 Qxa4 38. Re7+ Kg6 39. Rxb7
f4 40. Rgb3 Kf5 41. f3 Qc4 42. Ra3 d3 43. Ra5+ Kg6 44. Rb6+ Kh5 45. Raxa6 Kh4
46. Rc6 Qd4+ 47. Kg2 Qxb2+ 48. Kf1 Qe2+ 49. Kg1 Kg3 50. Ra1 Qg2# 0-1

[Event "13. Hogeschool Zeeland Tournament"]
[Site "Vlissingen NED"]
[Date "2009.08.03"]
[Round "4.27"]
[White "Kuipers, Stefan"]
[Black "Van Rij, Gert"]
[Result "1/2-1/2"]
[WhiteElo "2324"]
[BlackElo "2065"]
[PlyCount "94"]
[EventDate "2009.08.01"]
[EventType "swiss"]
[EventRounds "9"]
[EventCountry "NED"]
[Source "lmi"]
[SourceDate "2009.08.01"]

1. e4 e6 2. d4 d5 3. Nc3 Bb4 4. Bd3 c5 5. exd5 exd5 6. dxc5 Nc6 7. Nge2 Bxc5 8.
O-O Bg4 9. h3 Bxe2 10. Qxe2+ Nge7 11. Bg5 O-O 12. Qh5 g6 13. Qh4 Bd4 14. Rfe1
f6 15. Bh6 Rf7 16. Rad1 Bxc3 17. bxc3 Ne5 18. Qg3 Rc8 19. Bf4 Nxd3 20. Qxd3 Qa5
21. Bd6 Nf5 22. Bb4 Qxa2 23. Qb5 Qc4 24. Re8+ Kg7 25. Qxc4 Rxc4 26. g4 Nh4 27.
Rxd5 Nf3+ 28. Kg2 Ne5 29. Rdd8 Kh6 30. Kg3 Nc6 31. Rc8 g5 32. Rh8 Kg6 33. Bf8
f5 34. Rg8+ Kf6 35. Bh6 fxg4 36. hxg4 Rxc3+ 37. Kg2 Rxc2 38. Bxg5+ Ke6 39. Be3
b5 40. Rce8+ Kd6 41. Rg5 b4 42. Rb5 a5 43. Ra8 Rc4 44. Kg3 Rc3 45. Ra6 Kc7 46.
g5 Rc4 47. Rab6 Kd7 1/2-1/2

[Event "13. Hogeschool Zeeland Tournament"]
[Site "Vlissingen NED"]
[Date "2009.08.03"]
[Round "4.28"]
[White "Soumya, Swaminathan"]
[Black "Reyniers, Pieter"]
[Result "1-0"]
[WhiteElo "2309"]
[BlackElo "2046"]
[PlyCount "53"]
[EventDate "2009.08.01"]
[EventType "swiss"]
[EventRounds "9"]
[EventCountry "NED"]
[Source "lmi"]
[SourceDate "2009.08.01"]

1. e4 c5 2. Nf3 d6 3. d4 cxd4 4. Nxd4 Nf6 5. Nc3 a6 6. Be3 e5 7. Nb3 Be6 8. Qd2
Nbd7 9. O-O-O Be7 10. f4 Qc7 11. Kb1 O-O 12. f5 Bc4 13. g4 Nxg4 14. Rg1 Nxe3
15. Qxe3 Nf6 16. Bxc4 Qxc4 17. Qh6 g6 18. Nd5 Nxd5 19. fxg6 Nc3+ 20. bxc3 fxg6
21. Rxg6+ Kf7 22. Rg7+ Ke8 23. Rxe7+ Kxe7 24. Qxd6+ Kf7 25. Qd7+ Kg6 26. Rd6+
Rf6 27. Qf5+ 1-0

[Event "13. Hogeschool Zeeland Tournament"]
[Site "Vlissingen NED"]
[Date "2009.08.03"]
[Round "4.29"]
[White "Litwak, Aleksej"]
[Black "Vandevenne, Sander"]
[Result "1-0"]
[WhiteElo "2268"]
[BlackElo "2043"]
[PlyCount "125"]
[EventDate "2009.08.01"]
[EventType "swiss"]
[EventRounds "9"]
[EventCountry "NED"]
[Source "lmi"]
[SourceDate "2009.08.01"]

1. e4 e5 2. Nf3 Nc6 3. Bb5 a6 4. Ba4 Bc5 5. c3 b5 6. Bc2 d6 7. d4 Bb6 8. a4 Bg4
9. d5 Nce7 10. Qe2 Nf6 11. axb5 Bxf3 12. gxf3 a5 13. f4 exf4 14. Bxf4 Ng6 15.
Bg3 O-O 16. Nd2 Re8 17. O-O-O Nxd5 18. Qf3 Nf6 19. Nc4 Qb8 20. h4 h5 21. e5
Nxe5 22. Bxe5 dxe5 23. Rhg1 Ng4 24. Rd7 Rf8 25. Qf5 g6 26. Qg5 Qe8 27. Re7 f6
28. Qxg6+ Qxg6 29. Bxg6 Bxf2 30. Rg2 Bxh4 31. Bxh5 Bg5+ 32. Kb1 Nh6 33. Nxe5
Rab8 34. Nd7 Rxb5 35. Nxf8 Kxf8 36. Rxc7 Bf4 37. Rc8+ Ke7 38. Rg7+ Ke6 39. Re8+
Kd6 40. Bf3 Nf5 41. Ra7 Be5 42. Ra6+ Kc7 43. Rh8 Ne7 44. Rh7 Bd6 45. Ra7+ Kb6
46. Raxe7 Bxe7 47. Rxe7 Rf5 48. Re6+ Kc5 49. Be2 Rf2 50. Kc2 Kd5 51. Re8 f5 52.
Kd3 f4 53. Ra8 f3 54. Rxa5+ Kd6 55. Bd1 Rxb2 56. Bxf3 Rh2 57. Be4 Rh3+ 58. Kd4
Rh2 59. Ra6+ Kc7 60. Kc5 Rh3 61. c4 Rb3 62. Ra7+ Kb8 63. Rb7+ 1-0